Vista normal Vista MARC

Entrada Personal Name

Número de registros utilizados en: 1

001 - CONTROL NUMBER

  • control field: 11059

003 - CONTROL NUMBER IDENTIFIER

  • control field: OSt

005 - DATE AND TIME OF LATEST TRANSACTION

  • control field: 20200930174055.0

008 - FIXED-LENGTH DATA ELEMENTS

  • fixed length control field: 200930|| aca||aabn | a|a d

040 ## - CATALOGING SOURCE

  • Original cataloging agency: OSt
  • Transcribing agency: OSt

100 ## - HEADING--PERSONAL NAME

  • Personal name: Garavito Armero, Julio,
  • Chronological subdivision: 1865-1920

670 ## - SOURCE DATA FOUND

  • Source citation: Work cat.: (OSt)3876: Garavito Silva, Gonzalo, autor 11053, La vocación científica de los Garavito / , 2016